Personnages célèbres - Série 03 - Statistiques

Statistiques générales
  • Ce quiz a été pris 807 fois
  • Le résultat moyen est 6 sur 15
Statistiques - réponses
Par images Réponse % Correct
Jean Reno
91%
Nicolas Cage
67%
Francis Cabrel
66%
Nicole Kidman
59%
Jean Gabin
57%
Pierre Bellemare
47%
Alain Prost
45%
Mireille Darc
35%
Russell Crowe
34%
Jeanne Moreau
30%
Francis Perrin
26%
Claude Nougaro
24%
John Wayne
23%
André Malraux
10%
Raymond Kopa
7%
Aucun quiz correspondant
Distribution des résultats
% des personnes avec chaque résultat
Percentile par nombre de réponses
Votre historique - résultats
Vous n’avez pas pris ce quiz